Holendrzy w Premier League - Statystyki

Ogólne statystyki
  • Ten quiz został rozwiązany 68 razy
    33 od ostatniego zresetowania
  • Średni wynik to 5 z 15
Answers on the Grid
Answers color-coded by a green-red scale on the quiz's grid according to % correct below.
Virgil van Dijk
Dirk Kuyt
Phillip Cocu
Frenkie de Jong
Clarence Seedorf
John Heitinga
Mark van Bommel
Wout Weghorst
Ruud Gullit
Frank Rijkaard
Marc Overmars
Giovanni van Bronckhorst
Arjen Robben
Luuk de Jong
Roy Makaay
Jeremie Frimpong
Marco van Basten
Ronald Koeman
Rafael van der Vaart
Jimmy Floyd Hasselbaink
Boudewijn Zenden
Jasper Cillessen
Wesley Sneijder
Patrick Kluivert
Jonathan de Guzmán
Edgar Davids
Jonathan de Guzmán
Denzel Dumfries
Stefan de Vrij
Johan Cruyff
 
Statystyki odpowiedzi
Odpowiedź % Poprawnych
Virgil van Dijk
100%
Dirk Kuyt
80%
Jeremie Frimpong
55%
Ruud Gullit
40%
Wout Weghorst
40%
Marc Overmars
35%
John Heitinga
30%
Arjen Robben
25%
Edgar Davids
20%
Patrick Kluivert
20%
Giovanni van Bronckhorst
15%
Jimmy Floyd Hasselbaink
15%
Rafael van der Vaart
15%
Wesley Sneijder
15%
Boudewijn Zenden
10%
Nie znaleziono quizów pasujących do podanych kryteriów
Rozkład punktacji
Procent ludzi z każdym wynikiem
Percentyl według liczby udzielonych odpowiedzi
Twoja historia wyników
Nie rozwiązałeś tego quizu od ostatniego zresetowania